000 00571nam a2200205Ia 4500
005 20250326143112.0
008 250326s9999 xx 000 0 und d
020 _a81-7671-040-7
037 _aTextbook
040 _aFMSL
_beng
_cFMSL
041 _aeng
_2eng
084 _aX:71 P3
_qFMSL
100 _aVarian H R
_9743571
245 0 _aIntermediate microeconomics : a modern approach
_cVarian H R
250 _aEd 6
260 _aNew Delhi
_bNew Delhi, W W Norton & Company
_c2003
300 _av
942 _cTB
_hX:71 P3
999 _c1298107
_d1298107